[Event "Toronto-ch Reserves"]
[Site "Toronto CAN"]
[Date "2000.02.16"]
[Round "3"]
[White "Bergeron, Florian"]
[Black "Bryskine, Marina"]
[Result "0-1"]
[WhiteElo "2024"]
[BlackElo "2098"]
[PlyCount "72"]
[GameId "2160767911741383"]
[EventDate "2000.02.09"]
[EventType "tourn"]
[EventRounds "11"]
[EventCountry "CAN"]

1. d4 d5 2. c4 e6 3. Nc3 Nf6 4. cxd5 exd5 5. Nf3 c6 6. Bg5 Be7 7. e3 h6 8. Bh4 Bf5 9. Bd3 Bxd3 10. Qxd3 Nbd7 11. O-O O-O 12. Rfc1 Re8 13. a3 a5 14. Na4 g5 15. Bg3 Ne4 16. Ne5 Ndf6 17. Nc5 Bxc5 18. Rxc5 Nxc5 19. dxc5 Ne4 20. Qd4 Nxg3 21. hxg3 Re6 22. f4 Qe7 23. Kf2 gxf4 24. exf4 Re8 25. Rh1 Qf6 26. Kg1 Qf5 27. Rh4 h5 28. Kh2 f6 29. Nd7 Kf7 30. Qd1 Rh8 31. Qd2 Re4 32. Nb6 Rhe8 33. Qxa5 Re2 34. Qb4 Qc2 35. Rxh5 Rxg2+ 36. Kh1 Rge2 0-1

[Event "Toronto-ch Reserves"]
[Site "Toronto CAN"]
[Date "2000.02.16"]
[Round "3"]
[White "Cohen, David"]
[Black "Richardson, Ross"]
[Result "1-0"]
[WhiteElo "2017"]
[BlackElo "1872"]
[PlyCount "89"]
[GameId "2160767911741384"]
[EventDate "2000.02.09"]
[EventType "tourn"]
[EventRounds "11"]
[EventCountry "CAN"]

1. e4 c5 2. Nf3 Nc6 3. d4 cxd4 4. Nxd4 e6 5. Be3 a6 6. Bd3 Qc7 7. O-O Nge7 8. f4 Nxd4 9. Bxd4 Nc6 10. Bc3 Bc5+ 11. Kh1 Bd4 12. Qg4 Bxc3 13. Nxc3 O-O 14. Rf3 d6 15. Raf1 b5 16. Rh3 f5 17. exf5 exf5 18. Qh4 g6 19. Nd5 Qg7 20. Re1 Bd7 21. c3 Rae8 22. Rxe8 Bxe8 23. Bc2 h5 24. Bb3 Kh7 25. Re3 Bd7 26. Qg5 a5 27. Ne7 Qf6 28. Qxf6 Rxf6 29. Nxc6 Bxc6 30. Re7+ Kh8 31. Kg1 a4 32. Be6 Be4 33. Kf2 Rf8 34. Kg3 Bc6 35. Kh4 Re8 36. Rc7 Bxg2 37. Bd7 Re4 38. Kg5 Re7 39. Rc8+ Kg7 40. Bxb5 Rb7 41. Bxa4 Rxb2 42. Rc7+ Kf8 43. Kxg6 Bd5 44. Rc8+ Ke7 45. Re8# 1-0

[Event "Toronto-ch Reserves"]
[Site "Toronto CAN"]
[Date "2000.02.16"]
[Round "3"]
[White "Gebhardt, David"]
[Black "De Castro, Dan"]
[Result "1-0"]
[WhiteElo "1923"]
[BlackElo "1867"]
[PlyCount "129"]
[GameId "2160767911741386"]
[EventDate "2000.02.09"]
[EventType "tourn"]
[EventRounds "11"]
[EventCountry "CAN"]

1. e4 d5 2. exd5 Qxd5 3. Nc3 Qa5 4. d4 Nf6 5. Nf3 Nc6 6. Bc4 Bg4 7. O-O O-O-O 8. d5 e6 9. Bd2 Nd4 10. Ne2 Nxf3+ 11. gxf3 Qc5 12. fxg4 Qxc4 13. Nc3 Nxd5 14. Qf3 Nf6 15. Bg5 Be7 16. Rad1 Rd4 17. Rxd4 Qxd4 18. Rd1 Qc4 19. Be3 Qb4 20. h3 h6 21. Bxa7 Bd6 22. a3 Qf4 23. Qxf4 Bxf4 24. Bc5 Rd8 25. Rxd8+ Kxd8 26. Ne2 Be5 27. c3 Ne4 28. Be3 Bf6 29. f3 Nd6 30. Bc1 Nc4 31. b3 Ne5 32. Kg2 Nd3 33. Bd2 Kd7 34. f4 Nc5 35. b4 Ne4 36. Be1 Nd6 37. Kf3 Nc4 38. a4 Nb2 39. a5 Nd3 40. Bd2 Nb2 41. Ng3 Nc4 42. Be1 Kc6 43. Nh5 Be7 44. Nxg7 Kb5 45. Ne8 c5 46. h4 cxb4 47. cxb4 Bxb4 48. Bxb4 Kxb4 49. g5 hxg5 50. h5 gxf4 51. Kxf4 Nxa5 52. h6 Nc6 53. h7 Ne7 54. Kg5 Ng6 55. Kf6 e5 56. Nd6 Nh8 57. Kg7 Kc5 58. Nxf7 Nxf7 59. Kxf7 e4 60. h8=Q Kc4 61. Qe5 Kd3 62. Qd5+ Ke3 63. Ke6 Kf4 64. Qf5+ Ke3 65. Kd5 1-0

[Event "Toronto-ch Reserves"]
[Site "Toronto CAN"]
[Date "2000.02.16"]
[Round "3"]
[White "Haziprodromu, Sam"]
[Black "Mitrovic, Bojana"]
[Result "1-0"]
[WhiteElo "2040"]
[BlackElo "1992"]
[PlyCount "74"]
[GameId "2160767911741387"]
[EventDate "2000.02.09"]
[EventType "tourn"]
[EventRounds "11"]
[EventCountry "CAN"]

1. e4 g6 2. d4 Bg7 3. Nf3 d6 4. Bc4 Nf6 5. Qe2 O-O 6. e5 dxe5 7. dxe5 Nd5 8. h3 c6 9. Bd2 b5 10. Bb3 Na6 11. Nc3 Nxc3 12. Bxc3 Nc5 13. O-O a5 14. Bd4 Ne6 15. c3 a4 16. Bc2 c5 17. Be3 Bb7 18. Ng5 Bxe5 19. Nxe6 fxe6 20. Rfd1 Qb6 21. Bh6 Bg7 22. Bxg7 Kxg7 23. Rd7 Rf7 24. Qe5+ Kg8 25. Rxb7 Qxb7 26. Be4 Qb8 27. Qxe6 Ra7 28. Bd5 Qf8 29. Rd1 Kg7 30. Qxf7+ Qxf7 31. Bxf7 Kxf7 32. Kf1 Ke6 33. Ke2 Ra6 34. Rd8 Rb6 35. Ke3 Kf5 36. Rd5+ Ke6 37. Rxc5 Kd6 1-0

[Event "Toronto-ch Reserves"]
[Site "Toronto CAN"]
[Date "2000.02.16"]
[Round "3"]
[White "Vucko, Ignac"]
[Black "Dutton, Warren"]
[Result "0-1"]
[WhiteElo "2040"]
[BlackElo "1994"]
[PlyCount "102"]
[GameId "2160767911741388"]
[EventDate "2000.02.09"]
[EventType "tourn"]
[EventRounds "11"]
[EventCountry "CAN"]

1. e4 c5 2. Nf3 Nc6 3. d4 cxd4 4. Nxd4 Nf6 5. Nc3 e6 6. Nb3 Bb4 7. Bd2 O-O 8. Bd3 d5 9. exd5 exd5 10. O-O Bg4 11. f3 Bh5 12. Ne2 Bd6 13. Nf4 Qc7 14. g3 Bg6 15. Nxg6 hxg6 16. Be1 a5 17. Bf2 a4 18. Nd2 Ne5 19. Rc1 a3 20. b3 Bc5 21. Kg2 Bxf2 22. Rxf2 Rfc8 23. Nf1 Qc3 24. Rb1 Qd4 25. Rd2 Qc5 26. b4 Qb6 27. Rb3 Re8 28. Be2 Nc4 29. Bxc4 dxc4 30. Rb1 Re6 31. c3 Rae8 32. Qc2 Qc6 33. h3 b5 34. Rf2 Nd5 35. Rd1 Re1 36. Rxe1 Rxe1 37. Qd2 Qe6 38. Qd4 Qe5 39. Qd2 Nxc3 40. Qd8+ Qe8 41. Qd4 Nd1 42. Rd2 Nb2 43. Qb6 Re2+ 44. Rxe2 Qxe2+ 45. Kg1 Qe8 46. Qa5 Na4 47. Qc7 Nc3 48. Qa5 Na4 49. Qc7 g5 50. Kf2 Nc3 51. Ne3 Qxe3+ 0-1

[Event "Toronto-ch Reserves"]
[Site "Toronto CAN"]
[Date "2000.02.14"]
[Round "4"]
[White "Bryskine, Marina"]
[Black "Gebhardt, David"]
[Result "1-0"]
[WhiteElo "2096"]
[BlackElo "1923"]
[PlyCount "81"]
[GameId "2160767911741389"]
[EventDate "2000.02.09"]
[EventType "tourn"]
[EventRounds "11"]
[EventCountry "CAN"]

1. e4 c6 2. d4 d5 3. e5 Bf5 4. Nf3 e6 5. Be2 h6 6. O-O c5 7. c3 Qb6 8. Nbd2 cxd4 9. Nxd4 Ne7 10. Nxf5 Nxf5 11. Bd3 g6 12. Nf3 Nd7 13. Re1 Bc5 14. Re2 Rc8 15. g4 Ng7 16. Qc2 Nf8 17. Qa4+ Nd7 18. b4 Be7 19. Be3 Qc7 20. Bd4 h5 21. h3 Ra8 22. Qc2 Nf8 23. Kg2 hxg4 24. hxg4 a6 25. Ree1 Kd7 26. Rh1 Rxh1 27. Rxh1 b5 28. Qd2 Kc6 29. Rh8 Kb7 30. Qh6 Ne8 31. Rxf8 Bxf8 32. Qxf8 Nf6 33. Qg7 Rg8 34. Qxf6 Qd7 35. Qf4 Rh8 36. Ng5 Rh4 37. f3 Qe8 38. Qxf7+ Qxf7 39. Nxf7 Rh7 40. Nd6+ Kc6 41. Bxg6 1-0

[Event "Toronto-ch Reserves"]
[Site "Toronto CAN"]
[Date "2000.02.18"]
[Round "4"]
[White "Dutton, Warren"]
[Black "Bergeron, Florian"]
[Result "1-0"]
[WhiteElo "1994"]
[BlackElo "2024"]
[PlyCount "83"]
[GameId "2160767911741390"]
[EventDate "2000.02.09"]
[EventType "tourn"]
[EventRounds "11"]
[EventCountry "CAN"]

1. d4 Nf6 2. c4 g6 3. Nc3 Bg7 4. e4 d6 5. f4 O-O 6. Nf3 c5 7. d5 e6 8. Be2 exd5 9. cxd5 Re8 10. Nd2 Ng4 11. Bxg4 Qh4+ 12. g3 Qxg4 13. Qxg4 Bxg4 14. O-O a6 15. a4 Bh3 16. Re1 Nd7 17. Nc4 Bf8 18. a5 Rab8 19. Be3 b5 20. axb6 Nxb6 21. Na5 Nd7 22. Re2 Bg4 23. Rd2 Nf6 24. Nc6 Ra8 25. e5 Nd7 26. Ne4 f5 27. Ng5 dxe5 28. Ne6 exf4 29. Bxf4 Rac8 30. b3 Bf3 31. Rxa6 Nf6 32. Ne5 Bxd5 33. Nxf8 Rxf8 34. Rxf6 Rxf6 35. Rxd5 Rb6 36. Rd7 Rxb3 37. Bh6 Rcb8 38. Rg7+ Kf8 39. Nd7+ Ke8 40. Nxb8 c4 41. Nc6 c3 42. Re7# 1-0

[Event "Toronto-ch Reserves"]
[Site "Toronto CAN"]
[Date "2000.02.18"]
[Round "4"]
[White "Mitrovic, Bojana"]
[Black "Vucko, Ignac"]
[Result "1-0"]
[WhiteElo "1992"]
[BlackElo "2040"]
[PlyCount "79"]
[GameId "2160767911741391"]
[EventDate "2000.02.09"]
[EventType "tourn"]
[EventRounds "11"]
[EventCountry "CAN"]

1. d4 d5 2. g3 Nf6 3. Bg2 g6 4. Nf3 Bg7 5. O-O O-O 6. c4 dxc4 7. Na3 Be6 8. Ng5 Bd5 9. e4 h6 10. exd5 hxg5 11. Nxc4 Nxd5 12. Qb3 e6 13. Qxb7 Nd7 14. Bxd5 exd5 15. Qxd5 Nb6 16. Nxb6 axb6 17. Qc4 Ra5 18. Rd1 Rd5 19. Be3 c5 20. Rd3 b5 21. Qxb5 cxd4 22. Qc4 Re8 23. Rad1 Re4 24. f3 Rxe3 25. Rxe3 dxe3 26. Qxd5 Qxd5 27. Rxd5 Bxb2 28. Kf1 Kf8 29. Ke2 f5 30. a4 Ke7 31. Kxe3 Ke6 32. Rb5 Bc1+ 33. Kd3 f4 34. Rxg5 Kf6 35. Rc5 Be3 36. Rc6+ Kg5 37. a5 Bg1 38. h4+ Kh5 39. gxf4 Bf2 40. a6 1-0

[Event "Toronto-ch Reserves"]
[Site "Toronto CAN"]
[Date "2000.02.18"]
[Round "4"]
[White "Richardson, Ross"]
[Black "Haziprodromu, Sam"]
[Result "1-0"]
[WhiteElo "1872"]
[BlackElo "2040"]
[PlyCount "57"]
[GameId "2160767911741392"]
[EventDate "2000.02.09"]
[EventType "tourn"]
[EventRounds "11"]
[EventCountry "CAN"]

1. Nf3 c5 2. e4 Nc6 3. d4 cxd4 4. Nxd4 g6 5. Nc3 Bg7 6. Be3 Nf6 7. Be2 d6 8. Nb3 Bd7 9. O-O O-O 10. f4 Rc8 11. Bf3 Be6 12. g4 Nd7 13. Nd2 Nb6 14. f5 Bc4 15. Rf2 Re8 16. Bxb6 axb6 17. Nxc4 Bd4 18. Qd2 e6 19. Nb5 Bxf2+ 20. Qxf2 Nb4 21. Nbxd6 Rc5 22. Nxb7 Qc7 23. Nxc5 bxc5 24. a3 Na6 25. Qg3 e5 26. f6 g5 27. h4 gxh4 28. Qxh4 Kh8 29. Kg2 1-0

[Event "Toronto-ch Reserves"]
[Site "Toronto CAN"]
[Date "2000.02.18"]
[Round "4"]
[White "Stoltefuss, Rolf"]
[Black "Cohen, David"]
[Result "1-0"]
[WhiteElo "1936"]
[BlackElo "2017"]
[PlyCount "99"]
[GameId "2160767911741393"]
[EventDate "2000.02.09"]
[EventType "tourn"]
[EventRounds "11"]
[EventCountry "CAN"]

1. e4 e5 2. f4 exf4 3. Nf3 d6 4. d4 Nc6 5. Bxf4 Bd7 6. Nc3 Nf6 7. Bc4 Qe7 8. O-O O-O-O 9. Bg5 Be6 10. Bb5 Nb8 11. d5 Bd7 12. Qd4 h6 13. Bxf6 gxf6 14. Bxd7+ Qxd7 15. Qxf6 Be7 16. Qxf7 Rdf8 17. Qe6 Rf6 18. Qxd7+ Nxd7 19. Nd4 Rg6 20. Ne6 Rhg8 21. g3 Ne5 22. Rf4 h5 23. Ne2 h4 24. Raf1 hxg3 25. Nxg3 Kd7 26. Nf8+ Bxf8 27. Rxf8 R8g7 28. Kg2 Ng4 29. R8f7+ Ke8 30. Rxg7 Rxg7 31. Rf3 Rh7 32. h3 Ne5 33. Rb3 c6 34. dxc6 Nxc6 35. Nf5 Na5 36. Rb5 b6 37. Nxd6+ Kd7 38. Nf5 Kc6 39. Rd5 Nc4 40. b3 Na3 41. c4 Nb1 42. e5 Nc3 43. Rd6+ Kc7 44. e6 Ne4 45. Rd4 Nf6 46. e7 Rh8 47. Rd6 Nh5 48. Rh6 Rxh6 49. e8=Q Rg6+ 50. Kf3 1-0

[Event "Toronto-ch Reserves"]
[Site "Toronto CAN"]
[Date "2000.02.21"]
[Round "5"]
[White "Bergeron, Florian"]
[Black "Mitrovic, Bojana"]
[Result "0-1"]
[WhiteElo "2024"]
[BlackElo "1992"]
[PlyCount "114"]
[GameId "2160767911741394"]
[EventDate "2000.02.09"]
[EventType "tourn"]
[EventRounds "11"]
[EventCountry "CAN"]

1. d4 g6 2. c4 Bg7 3. Nc3 c5 4. d5 d6 5. Nf3 Nf6 6. e4 O-O 7. Be2 e6 8. O-O exd5 9. exd5 Bg4 10. h3 Bxf3 11. Bxf3 Nfd7 12. Bf4 Ne5 13. Be2 f5 14. Qd2 Nf7 15. Rfe1 Nd7 16. Bf1 Nde5 17. Bh2 Re8 18. f4 Nd7 19. Rxe8+ Qxe8 20. Re1 Qd8 21. Kh1 Nf6 22. Re3 Qd7 23. Qe2 Re8 24. Re6 Nd8 25. Rxe8+ Qxe8 26. Qxe8+ Nxe8 27. g4 Bxc3 28. bxc3 Nf6 29. gxf5 gxf5 30. Bd3 Ne4 31. Bxe4 fxe4 32. Kg2 Kg7 33. Bg3 b6 34. Kf2 Kg6 35. f5+ Kxf5 36. Bxd6 Nb7 37. Bb8 Na5 38. d6 Ke6 39. Ke3 Nxc4+ 40. Kxe4 Nxd6+ 41. Kd3 a6 42. c4 b5 43. cxb5 axb5 44. Ba7 Kd5 45. Bb6 b4 46. Bd8 Ne4 47. Kc2 Kc4 48. Be7 Nc3 49. Kb2 Kd3 50. a3 bxa3+ 51. Kxa3 c4 52. Kb2 Ne2 53. Bg5 c3+ 54. Kb1 c2+ 55. Kb2 Ng1 56. h4 Nf3 57. Bh6 Nxh4 0-1

[Event "Toronto-ch Reserves"]
[Site "Toronto CAN"]
[Date "2000.02.21"]
[Round "5"]
[White "Gebhardt, David"]
[Black "Dutton, Warren"]
[Result "0-1"]
[WhiteElo "1923"]
[BlackElo "1994"]
[PlyCount "86"]
[GameId "2160767911741396"]
[EventDate "2000.02.09"]
[EventType "tourn"]
[EventRounds "11"]
[EventCountry "CAN"]

1. e4 c5 2. Nf3 Nc6 3. d4 cxd4 4. Nxd4 Nf6 5. Nc3 e6 6. Ndb5 d6 7. Bf4 e5 8. Bg5 a6 9. Na3 b5 10. Bxf6 Qxf6 11. Nd5 Qd8 12. c3 g6 13. Nc2 Bg7 14. Nce3 O-O 15. Bd3 Rb8 16. O-O Be6 17. Qe2 f5 18. f4 fxe4 19. Bxe4 Qd7 20. Rf2 Ne7 21. Nxe7+ Qxe7 22. f5 gxf5 23. Nxf5 Bxf5 24. Bxf5 Bh6 25. Raf1 Kh8 26. Qd3 Rbe8 27. Qh3 Bf4 28. Re1 Qf7 29. Kh1 Qxf5 30. Qxf5 Rxf5 31. g3 Bxg3 32. Rxf5 Bxe1 33. Rf7 b4 34. c4 e4 35. Kg2 e3 36. Kf1 Bh4 37. Ke2 Bf2 38. Ra7 Rc8 39. Rxa6 Rxc4 40. Rxd6 Rc2+ 41. Kf3 Rxb2 42. Rb6 Bg1 43. Re6 Rxa2 0-1

[Event "Toronto-ch Reserves"]
[Site "Toronto CAN"]
[Date "2000.02.21"]
[Round "5"]
[White "Haziprodromu, Sam"]
[Black "Stoltefuss, Rolf"]
[Result "1/2-1/2"]
[WhiteElo "2040"]
[BlackElo "1936"]
[PlyCount "81"]
[GameId "2160767911741397"]
[EventDate "2000.02.09"]
[EventType "tourn"]
[EventRounds "11"]
[EventCountry "CAN"]

1. e4 e5 2. Nf3 f5 3. d4 fxe4 4. Nxe5 Nf6 5. Be2 d6 6. Ng4 Nbd7 7. c4 Nxg4 8. Bxg4 Nf6 9. Be2 c6 10. Nc3 Be7 11. Bg5 Qa5 12. Qd2 Qf5 13. h3 O-O 14. Be3 d5 15. g4 Qe6 16. O-O-O dxc4 17. d5 Nxd5 18. Nxd5 cxd5 19. Qxd5 Qxd5 20. Rxd5 c3 21. b3 Bh4 22. Rf1 b6 23. Rd4 Bb7 24. g5 Rf5 25. Rd7 Bc6 26. Rc7 Bd5 27. Rd1 Bxg5 28. Bxg5 Rxg5 29. Rxd5 Rxd5 30. Bc4 Rad8 31. Rxa7 Kf8 32. Bxd5 Rxd5 33. Kc2 Rd2+ 34. Kxc3 Rxf2 35. Kd4 Rf3 36. Kxe4 Rxh3 37. Kf5 Rf3+ 38. Kg4 Rf2 39. Kg3 Rf6 40. Ra4 Ke7 41. a3 1/2-1/2

[Event "Toronto-ch Reserves"]
[Site "Toronto CAN"]
[Date "2000.02.21"]
[Round "5"]
[White "Vucko, Ignac"]
[Black "Richardson, Ross"]
[Result "1-0"]
[WhiteElo "2040"]
[BlackElo "1872"]
[PlyCount "107"]
[GameId "2160767911741398"]
[EventDate "2000.02.09"]
[EventType "tourn"]
[EventRounds "11"]
[EventCountry "CAN"]

1. e4 c5 2. Nf3 e6 3. c4 Nc6 4. Nc3 a6 5. Be2 Qc7 6. O-O Nd4 7. d3 Ne7 8. Be3 Nec6 9. Qd2 Be7 10. Bd1 O-O 11. Ne1 b5 12. f4 d6 13. Rc1 b4 14. Ne2 Bb7 15. Nf3 Nxe2+ 16. Qxe2 Rae8 17. Ba4 Rd8 18. Qf2 e5 19. f5 Nd4 20. Bd1 a5 21. Qg3 Bc6 22. Bh6 Bf6 23. Bd2 Qe7 24. Ng5 h6 25. Nf3 Kh8 26. Qh3 Rfe8 27. Qh5 a4 28. Kh1 Nxf3 29. Bxf3 Rd7 30. Rcd1 Bg5 31. Be1 b3 32. a3 Kg8 33. Bf2 Ra8 34. h4 Bf6 35. g4 Qd8 36. Rg1 Qe8 37. g5 hxg5 38. hxg5 Bd8 39. g6 fxg6 40. fxg6 Bf6 41. Bg4 Rda7 42. Rdf1 Bd7 43. Bh4 Bxg4 44. Rxg4 Qe6 45. Qh7+ Kf8 46. Qh8+ Ke7 47. Qxg7+ Ke8 48. Qxf6 Qxg4 49. Qf8+ Kd7 50. Qf7+ Kc6 51. Qd5+ Kd7 52. Rf7+ Ke8 53. Qc6+ Rd7 54. Qxa8+ 1-0

[Event "Toronto-ch Reserves"]
[Site "Toronto CAN"]
[Date "2000.02.25"]
[Round "5"]
[White "Cohen, David"]
[Black "Benson, Christopher"]
[Result "1-0"]
[WhiteElo "2017"]
[BlackElo "1949"]
[PlyCount "89"]
[GameId "2160767911741399"]
[EventDate "2000.02.09"]
[EventType "tourn"]
[EventRounds "11"]
[EventCountry "CAN"]

1. e4 e6 2. d3 d5 3. Qe2 Be7 4. g3 Nf6 5. Bg2 dxe4 6. dxe4 e5 7. Nc3 c6 8. Nf3 Nbd7 9. O-O O-O 10. Bg5 Qc7 11. Nh4 Re8 12. Nf5 Bf8 13. Rad1 h6 14. Bc1 a5 15. Kh1 b6 16. Rg1 Ba6 17. Qf3 Rad8 18. g4 Nh7 19. h4 Nc5 20. g5 Rxd1 21. Nxd1 hxg5 22. hxg5 g6 23. Bh3 Bc8 24. Nh6+ Bxh6 25. gxh6 Bxh3 26. Qxh3 Nxe4 27. Qh4 Nef6 28. Bg5 Nxg5 29. Qxg5 Nh7 30. Qe3 Qd8 31. Qg3 Qd5+ 32. Kh2 e4 33. Ne3 Qe5 34. Rd1 Qxb2 35. Rd6 Kh8 36. Nc4 Qxc2 37. Ne5 Qxa2 38. Nxg6+ Kg8 39. Ne5+ Kf8 40. Qg7+ Ke7 41. Rd7+ Ke6 42. Qxf7+ Kxe5 43. Qxa2 Nf6 44. Qb2+ Ke6 45. Rd6+ 1-0

[Event "Toronto-ch Reserves"]
[Site "Toronto CAN"]
[Date "2000.02.23"]
[Round "6"]
[White "Benson, Christopher"]
[Black "Haziprodromu, Sam"]
[Result "0-1"]
[WhiteElo "1949"]
[BlackElo "2040"]
[PlyCount "68"]
[GameId "2160767911741400"]
[EventDate "2000.02.09"]
[EventType "tourn"]
[EventRounds "11"]
[EventCountry "CAN"]

1. e4 e5 2. Nf3 Nc6 3. Bb5 a6 4. Ba4 Nf6 5. O-O b5 6. Bb3 Bb7 7. c3 Nxe4 8. Re1 Nc5 9. Nxe5 Nxe5 10. Rxe5+ Ne6 11. d4 Bd6 12. Re1 O-O 13. Nd2 Qh4 14. Nf1 Rae8 15. Be3 f5 16. d5 Nd8 17. Qd4 Re4 18. Qd3 Rg4 19. f3 Rg6 20. Re2 Nf7 21. Bd4 Ng5 22. Rae1 Nh3+ 23. Kh1 Nf4 24. Qe3 Nxe2 25. Qxe2 Rh6 26. g3 Qh5 27. a3 Qf7 28. Ne3 Rg6 29. Bc2 Rg5 30. f4 Bxf4 31. Bxf5 Rxf5 32. Nxf5 Qxf5 33. gxf4 Qxd5+ 34. Kg1 Qh1+ 0-1

[Event "Toronto-ch Reserves"]
[Site "Toronto CAN"]
[Date "2000.02.23"]
[Round "6"]
[White "De Castro, Dan"]
[Black "Cohen, David"]
[Result "1/2-1/2"]
[WhiteElo "1867"]
[BlackElo "2017"]
[PlyCount "111"]
[GameId "2160767911741401"]
[EventDate "2000.02.09"]
[EventType "tourn"]
[EventRounds "11"]
[EventCountry "CAN"]

1. d4 Nf6 2. Nf3 c5 3. e3 g6 4. c3 Bg7 5. Nbd2 d6 6. Bd3 O-O 7. Qe2 Nc6 8. dxc5 dxc5 9. e4 Bg4 10. h3 Bd7 11. Nc4 Qc7 12. Ne3 a6 13. Nd5 Nxd5 14. exd5 Ne5 15. Nxe5 Bxe5 16. Bh6 Rfe8 17. O-O e6 18. f4 Bd6 19. Qf3 c4 20. dxe6 Bxe6 21. f5 cxd3 22. fxe6 Rxe6 23. Qxd3 Rae8 24. Kh1 Qe7 25. Bf4 Bxf4 26. Rxf4 Re2 27. Raf1 Re1 28. Qf3 Rxf1+ 29. Qxf1 Qe6 30. c4 Re7 31. b3 f5 32. Rd4 Qe1 33. Qxe1 Rxe1+ 34. Kh2 Kf7 35. Rd2 Ke7 36. Kg3 g5 37. Kf2 Rb1 38. Kf3 h6 39. Ke3 a5 40. Kd3 Re1 41. Kc3 f4 42. c5 h5 43. Kc4 g4 44. hxg4 hxg4 45. Kb5 Rf1 46. Kxa5 g3 47. Kb6 Rf2 48. Rd4 Rxg2 49. Rxf4 Rxa2 50. b4 g2 51. Rg4 Ra4 52. Kb5 Ra2 53. c6 bxc6+ 54. Kxc6 Rc2+ 55. Kb5 Kd6 56. Kb6 1/2-1/2

[Event "Toronto-ch Reserves"]
[Site "Toronto CAN"]
[Date "2000.02.23"]
[Round "6"]
[White "Dutton, Warren"]
[Black "Bryskine, Marina"]
[Result "1-0"]
[WhiteElo "1994"]
[BlackElo "2036"]
[PlyCount "43"]
[GameId "2160767911741402"]
[EventDate "2000.02.09"]
[EventType "tourn"]
[EventRounds "11"]
[EventCountry "CAN"]

1. d4 d5 2. c4 e6 3. cxd5 exd5 4. Nc3 Nf6 5. Nf3 c6 6. Bg5 h6 7. Bh4 Be7 8. e3 Bf5 9. Bd3 Bxd3 10. Qxd3 Nbd7 11. O-O O-O 12. Ne5 Re8 13. f4 Qc7 14. Rac1 Qb8 15. Rf3 Nf8 16. Rh3 Ne4 17. Nxe4 dxe4 18. Qc4 Ne6 19. f5 Nd8 20. f6 gxf6 21. Rg3+ Kf8 22. Nd7# 1-0

[Event "Toronto-ch Reserves"]
[Site "Toronto CAN"]
[Date "2000.02.23"]
[Round "6"]
[White "Mitrovic, Bojana"]
[Black "Gebhardt, David"]
[Result "1-0"]
[WhiteElo "1923"]
[BlackElo "1992"]
[PlyCount "51"]
[GameId "2160767911741403"]
[EventDate "2000.02.09"]
[EventType "tourn"]
[EventRounds "11"]
[EventCountry "CAN"]

1. Nf3 g6 2. d4 f5 3. g3 Bg7 4. Bg2 Nf6 5. O-O O-O 6. c4 d6 7. Nc3 Nc6 8. d5 Ne5 9. Nxe5 dxe5 10. e4 f4 11. Qc2 Nh5 12. b3 a6 13. Ba3 Qe8 14. c5 f3 15. Bh1 g5 16. d6 exd6 17. cxd6 Qf7 18. d7 Bxd7 19. Bxf8 Rxf8 20. Rfd1 Bh3 21. Rd3 g4 22. Rad1 Nf6 23. Qd2 h6 24. Qe3 b6 25. Nd5 Qg6 26. Ne7+ 1-0

[Event "Toronto-ch Reserves"]
[Site "Toronto CAN"]
[Date "2000.02.23"]
[Round "6"]
[White "Richardson, Ross"]
[Black "Bergeron, Florian"]
[Result "0-1"]
[WhiteElo "1872"]
[BlackElo "2024"]
[PlyCount "64"]
[GameId "2160767911741404"]
[EventDate "2000.02.09"]
[EventType "tourn"]
[EventRounds "11"]
[EventCountry "CAN"]

1. d4 Nf6 2. c4 g6 3. Nc3 Bg7 4. e4 d6 5. Bd3 O-O 6. Nge2 Nbd7 7. Bc2 e5 8. d5 a5 9. O-O Nc5 10. Ng3 Ne8 11. Rb1 c6 12. Be3 cxd5 13. cxd5 f5 14. exf5 gxf5 15. f4 e4 16. Bd4 b6 17. Bxg7 Nxg7 18. Re1 Ba6 19. Re3 Bd3 20. b4 axb4 21. Rxb4 Bxc2 22. Qxc2 Nd3 23. Rxd3 exd3 24. Qxd3 Ra3 25. Qd2 Qc7 26. Nb5 Qc5+ 27. Kf1 Rxa2 28. Qxa2 Qxb4 29. Nc7 Qxf4+ 30. Ke2 Qe5+ 31. Kf1 f4 32. Nh1 Rc8 0-1

[Event "Toronto-ch Reserves"]
[Site "Toronto CAN"]
[Date "2000.02.23"]
[Round "6"]
[White "Stoltefuss, Rolf"]
[Black "Vucko, Ignac"]
[Result "1-0"]
[WhiteElo "2040"]
[BlackElo "1936"]
[PlyCount "81"]
[GameId "2160767911741405"]
[EventDate "2000.02.09"]
[EventType "tourn"]
[EventRounds "11"]
[EventCountry "CAN"]

1. e4 d6 2. d4 Nf6 3. Nc3 g6 4. f4 Bg7 5. Nf3 Bg4 6. h3 Bxf3 7. Qxf3 c6 8. Bc4 O-O 9. e5 Ne8 10. Be3 d5 11. Bd3 f6 12. Qg3 f5 13. h4 Nc7 14. h5 Qe8 15. O-O-O Kf7 16. Be2 Rh8 17. Rh3 Ne6 18. Rdh1 Kg8 19. Qh4 Nd7 20. hxg6 h6 21. g4 fxg4 22. Bxg4 Nef8 23. f5 b5 24. Bxh6 Bxh6+ 25. Kd1 Bg7 26. Qg5 Rxh3 27. Rxh3 Rd8 28. Ne2 Nxe5 29. dxe5 Bxe5 30. c3 d4 31. cxd4 Bxd4 32. Nxd4 Rxd4+ 33. Kc1 Rc4+ 34. Kb1 Qd8 35. Qh6 Qd4 36. a3 b4 37. f6 Qxf6 38. Rf3 Qxg6+ 39. Qxg6+ Nxg6 40. Be6+ Kh7 41. Bxc4 1-0

[Event "Toronto-ch Reserves"]
[Site "Toronto CAN"]
[Date "2000.02.27"]
[Round "7"]
[White "Vucko, Ignac"]
[Black "Benson, Christopher"]
[Result "1/2-1/2"]
[WhiteElo "2040"]
[BlackElo "1949"]
[PlyCount "116"]
[GameId "2160767911741406"]
[EventDate "2000.02.09"]
[EventType "tourn"]
[EventRounds "11"]
[EventCountry "CAN"]

1. e4 e6 2. c4 d5 3. Nc3 dxe4 4. Nxe4 Nf6 5. Ng3 c5 6. Nf3 Nc6 7. Be2 Be7 8. O-O O-O 9. b3 b6 10. Bb2 Qc7 11. Bc3 Bb7 12. Qc2 Rad8 13. Rad1 Nd4 14. Bxd4 cxd4 15. d3 Rfe8 16. Ne4 Nxe4 17. dxe4 e5 18. Qd3 a5 19. h3 Bc5 20. Nh4 g6 21. g4 Be7 22. Ng2 Qc6 23. f3 g5 24. Kf2 a4 25. Rh1 axb3 26. axb3 Ra8 27. h4 gxh4 28. Nxh4 Bxh4+ 29. Rxh4 Kg7 30. Rdh1 Rh8 31. Qd2 f6 32. Qh6+ Kf7 33. g5 Rag8 34. gxf6 Rg6 35. Qd2 Qxf6 36. Rxh7+ Rxh7 37. Rxh7+ Rg7 38. Qh6 Qxh6 39. Rxh6 Rg6 40. Rh7+ Rg7 41. Rxg7+ Kxg7 42. Kg3 Kf6 43. Bd3 Kg5 44. b4 Ba6 45. Bf1 Bc8 46. c5 bxc5 47. bxc5 Bd7 48. Bc4 Be8 49. Bd5 Bb5 50. c6 d3 51. c7 Ba6 52. Bb3 d2 53. Kf2 Kf6 54. Ke3 Ke7 55. Kxd2 Kd6 56. Ke3 Kxc7 57. f4 exf4+ 58. Kxf4 Kd8 1/2-1/2

[Event "Toronto-ch Reserves"]
[Site "Toronto CAN"]
[Date "2000.02.28"]
[Round "7"]
[White "Bergeron, Florian"]
[Black "Stoltefuss, Rolf"]
[Result "0-1"]
[WhiteElo "2024"]
[BlackElo "1936"]
[PlyCount "153"]
[GameId "2160767911741407"]
[EventDate "2000.02.09"]
[EventType "tourn"]
[EventRounds "11"]
[EventCountry "CAN"]

1. d4 Nf6 2. c4 e5 3. dxe5 Ng4 4. Bf4 Nc6 5. Nf3 Bb4+ 6. Nc3 Bxc3+ 7. bxc3 Qe7 8. e4 Ngxe5 9. Be2 d6 10. Nd4 Bd7 11. Bg3 Na5 12. Nb5 Bc6 13. Qa4 b6 14. Qb4 Bxe4 15. Bxe5 dxe5 16. Qxe7+ Kxe7 17. Nxc7 Rac8 18. Nd5+ Bxd5 19. cxd5 Rxc3 20. O-O Rd8 21. Bf3 f5 22. Rfd1 e4 23. Be2 Rc5 24. f3 Rcxd5 25. Rxd5 Rxd5 26. fxe4 fxe4 27. Kf2 Rd2 28. Ke3 Rb2 29. Bf1 Rb4 30. Rc1 Kd6 31. Rd1+ Ke6 32. Rc1 Kd6 33. Rd1+ Ke6 34. Rc1 Rb2 35. Rc7 Kf6 36. Kxe4 Rf2 37. Bb5 Rxg2 38. a4 a6 39. Bxa6 Rg4+ 40. Kf3 Rxa4 41. Bb5 Rh4 42. Kg3 Re4 43. Rc8 Re5 44. Rf8+ Ke7 45. Re8+ Kd6 46. Rd8+ Kc5 47. Bd3 Nc6 48. Rd7 Rg5+ 49. Kf4 h6 50. Bf5 Nd4 51. Rc7+ Kb4 52. Bg4 b5 53. h4 Rg6 54. Rd7 Kc5 55. Rc7+ Kb6 56. Rd7 Nc6 57. Bf5 Rg1 58. Rd6 Kc5 59. Rd7 b4 60. Rb7 Nd4 61. Bd3 Ne6+ 62. Ke3 Rg3+ 63. Kd2 Nf4 64. Bc2 Rg2+ 65. Kc1 Kc4 66. Rc7+ Kd4 67. Rd7+ Kc5 68. Rc7+ Kd6 69. Rc4 Rg4 70. Kb2 Rxh4 71. Kb3 Ng2 72. Rxh4 Nxh4 73. Kxb4 Ke5 74. Kc3 Kf4 75. Kd2 Kg3 76. Ke1 Kh3 77. Kf2 0-1